EPIC - Misheard Lyrics - Statistics

General Stats
  • This quiz has been taken 449 times
  • The average score is 13 of 13
Answer Stats
Hint Extra Hint Answer % Correct
BUT WHEN DOES A CABBAGE BECOME WHEN DOES A CABBAGE BECOME A FLAME Just a Man BUT WHEN DOES A COMET BECOME A METEOR WHEN DOES A CANDLE BECOME A FLAME
99%
Athena! Badass SENORITA! Warrior of the Mind Athena! Badass in the Arena!
98%
Diabetes will lead the charge the Horse and the Infant Diomedes will lead the charge
98%
He sacrificed his Uncle Hort! God Games He sacrificed his own cohort!
98%
How many fucking islands have you seen before? Luck Runs Out How many floating islands have you seen before?
98%
I’m not a player I’m a Palpatine Puppeteer I’m not a player I’m a puppeteer
98%
Sometimes singing is a must Keep Your Friends Close Sometimes sneaking is a must
98%
Didn't even try tequila! God Games Didn't even try to kill her!
97%
Every man I've slain is the price I paid, end this pain Just a Man Every man I've slain, is the price I pay endless pain?
97%
Force feed a hen! Full Speed Ahead Full speed ahead!
97%
Banana peels...banana peels the Horse and the Infant Penelope...Penelope
97%
Well done, you lied to me, what's your name? Warrior of the Mind Well done, enlighten me, what's your name?
97%
You’re a warrior, mentally distressed My Goodbye You’re a warrior, meant to lead the rest
97%
No matching quizzes found
Score Distribution
Percent of People with Each Score
Percentile by Number Answered
Your Score History
You have not taken this quiz